A dispensa discriminatr̤ia do empregado acometido de doenȧ grave ̉luz do Direito brasileiro

Detalles Bibliográficos
Autor principal: Coelho Fonseca, Paolla Santana
Formato: eBook
Lenguaje:portugués
Publicado: San Pablo: Letras Jurídicas Editora, 2016
Materias:
Acceso en línea:Acceso restringido

MARC

LEADER 00000nam a22000007a 4500
005 20200722224142.0
007 cr|||| ||||
008 200722s2016 br |||||s|||| 00||0 por d
020 |a 978-85-8248-090-8 
035 |a 31832 
040 |a vLex 
090 |c 10682  |d 10682 
100 1 |a Coelho Fonseca, Paolla Santana 
245 1 1 |a A dispensa discriminatr̤ia do empregado acometido de doenȧ grave ̉luz do Direito brasileiro  |h [Recurso electrn̤ico] /  |c Paolla Santana Coelho Fonseca 
256 |a Servicio en ln̕ea 
260 |a San Pablo:  |b Letras Jurídicas Editora,  |c 2016 
300 |a 1 recurso electrn̤ico 
500 |a Anl̀ise da Sm︢ula n. 443 do Tribunal Superior do Trabalho. O combate ̉discriminaȯ̂ nas relaė̳s de trabalho tem sido cada vez mais intensificado pelo ordenamento jurd̕ico pt̀rio e pelos Tribunais Laborais, que buscam efetivar o compromisso internacional firmado pelo Brasil de promover a igualdade de oportunidade e tratamento no que se refere a emprego e profissô. O texto constitucional de 1988 consagra diversos princp̕ios que norteiam a proteȯ̂ contra as prt̀icas discriminatr̤ias, como o princp̕io da igualdade e o princp̕io da dignidade da pessoa humana. 
506 1 |a Disponible solo en los productos indicados  |d vLex Global  |d vLex Global (Academic Edition, excluding Law Schools)  |d vLex Global (U.S. Academic Edition, Law Schools)  |d vLex Global (U.S. Academic Edition, excluding Law Schools)  |d vLex Global (Academic Edition, Law Schools) 
650 0 4 |a Derecho Laboral y Seguridad Social  |z Brasil 
740 0 |a vLex Libros (Servicio en ln̕ea) 
856 4 0 |u http://vlex.com/source/dispensa-discriminatoria-do-empregado-acometido-de-doen-a-grave-a-luz-do-direito-brasileiro-analise-da-sumula-n-443-do-tribunal-superior-do-trabalho-31832  |z Acceso restringido 
942 |c BOOK 
999 0 |a Labor law and social security